MIÜ - Ü UP? mixtape - Statystyki

Ogólne statystyki
  • Ten quiz został rozwiązany 4 razy
  • Średni wynik to 8 z 19
Statystyki odpowiedzi
MIÜ - Ü UP? mixtape % Poprawnych
nie pamiętam jaki to był event
100%
fantazje
67%
Ü UP? freestyle
67%
brat
33%
dopóki się nie znüdzisz
33%
london tipton
33%
maciek
33%
milion powodów
33%
miü miü
33%
mmmaybach
33%
MÜRAKAMI
33%
nice_güy
33%
NOT THE SAME
33%
PASEK PLAYBOYA
33%
srebro 30g
33%
süper clean
33%
tokyo skit
33%
Ü UP? intro
33%
XXL
33%
Nie znaleziono quizów pasujących do podanych kryteriów
Rozkład punktacji
Procent ludzi z każdym wynikiem
Percentyl według liczby udzielonych odpowiedzi
Twoja historia wyników
Nie rozwiązałeś tego quizu